¿Cómo se dice en inglés? - Edición Familia - Estadísticas

Estadísticas generales
  • Esta prueba ha sido intentada 75 veces
  • La puntuación promedio es 26 de 35
Estadísticas de respuestas
Hint Respuesta % Correcto
Abuelo Grandfather
89%
Tía Aunt
87%
Madre Mother
87%
Padres Parents
87%
Hermana Sister
87%
Primo/a Cousin
85%
Padre Father
85%
Abuelos Grandparents
85%
Hermano Brother
83%
Hijo Son
83%
Bisabuela Great-grandmother
81%
Tatarabuelo Great-great-grandfather
81%
Tío Uncle
81%
Hija Daughter
79%
Bisabuelo Great-grandfather
79%
Tatarabuela Great-great-grandmother
79%
Abuela Grandmother
77%
Hermanastro Stepbrother
77%
Padrastro Stepfather
77%
Madrastra Stepmother
77%
Hermanastra Stepsister
74%
Nieto Grandson
72%
Suegro Father-in-law
68%
Viznieto/a Great-grandchild
68%
Sobrino Nephew
68%
Hermanxs Siblings
68%
Padrino Godfather
66%
Nieta Granddaughter
66%
Madrina Godmother
64%
Suegra Mother-in-law
64%
Sobrina Niece
60%
Yerno Son-in-law
55%
Cuñado Brother-in-law
53%
Cuñada Sister-in-law
53%
Nuera Daughter-in-law
43%
No se encontraron pruebas coincidentes
Distribución de puntuación
Porcentaje de gente con cada puntuación
Porcentaje por número respondido
Historial de tus puntuaciones
No has intentado esta prueba.